000 00286 a2200121 4500
001 76246
082 _a910.02 DAS
090 _c39134
_d39134
100 _aDasgufta, A
245 _aPrinciples of Physical Geography
260 _aNew Delhi
_bS, Chand and Co
500 _aCFT Textbook
942 _aNUST-CAE
_k910.02 DAS
999 _c311319
_d311319